000 01384nam0a22003011 4500
001 rc\646707
005 20250621195245.0
035 _a(NLR Aleph) 005887238
090 _a6139997
_c6139997
100 _a20031121d1986 |||y0rusy50 ca
101 0 _arus
102 _aRU
105 _aa |||||||||
200 1 _aДва берега
_e[Стихи]
_eПер. с азерб.
_fСулейман Рустам
_g[Авт. вступ. ст. Эльчин
_gХудож. С. Шатиков]
210 _aБаку
_cАзернешр
_d1986
215 _a241, [1] с., [1] л. портр.
_d15х16
300 _aПеред вып. дан. авт.: Сулейман Рустам ( Сулейман Алиаббас оглы Рустамзаде)
327 0 _aЦиклы: Пишу журавлиным пером; Я - такой поэт; Вечный свет; Весна души моей
464 0 _12001#$aПишу журавлиным пером
_tПишу журавлиным пером
464 0 _12001#$aЯ - такой поэт
_tЯ - такой поэт
464 0 _12001#$aВечный свет
_tВечный свет
464 0 _12001#$aВесна души моей
_tВесна души моей
700 1 _aРустам
_bС.
_f1906-1989
_gСулейман
801 0 _aRU
_bNLR
_gpsbo
801 1 _aRU
_bELAR
_2rusmarc
852 _aNLR
_j86-2/2080
942 _cBOOK
980 _aNB